[Event "GER-chT U18 Girls"]
[Site "Karlsruhe"]
[Date "2015.05.10"]
[Round "7.2"]
[White "Nemitz, Rebekka"]
[Black "Buschek, Paula"]
[Result "1/2-1/2"]
[WhiteElo "825"]
[BlackElo "788"]
[PlyCount "89"]
[EventDate "2015.05.07"]
[EventType "team-swiss"]
[EventRounds "7"]
[EventCountry "GER"]
[SourceTitle "EXT 2017"]
[Source "ChessBase"]
[SourceDate "2016.10.25"]
[SourceVersion "1"]
[SourceVersionDate "2016.10.25"]
[SourceQuality "1"]
[WhiteTeam "Hennigsdorf OS (W)"]
[BlackTeam "Berlin Kollwith Gymn (W)"]
[WhiteTeamCountry "GER"]
[BlackTeamCountry "GER"]

1. e4 c5 2. Nf3 Nc6 3. Bc4 d6 4. Ng5 Ne5 5. d3 Nf6 6. Nc3 g6 7. Nd5 Bg7 8. Nf3 0-0 9. 0-0 Be6 10. Ne3 Bxc4 11. Nxc4 Nxc4 12. dxc4 a6 13. b3 Nxe4 14. Be3 Bxa1 15. Qxa1 Nf6 16. c3 b5 17. cxb5 axb5 18. c4 bxc4 19. bxc4 Ng4 20. Bf4 Ra4 21. Nd2 Qa8 22. Qb2 Rxa2 23. Qc3 Qa3 24. Nb3 e5 25. Bc1 Qa7 26. f3 Nf6 27. f4 Nd7 28. f5 Qb7 29. Be3 Qe4 30. Rf2 Rfa8 31. Nc1 Ra1 32. h3 d5 33. cxd5 R8a3 34. Qd2 Rxe3 35. Rf1 Rea3 36. d6 gxf5 37. Qg5+ Kf8 38. Qe7+ Kg8 39. Qg5+ Kh8 40. Qd8+ Kg7 41. Qg5+ Kf8 42. Qe7+ Kg7 43. Qg5+ Kf8 44. Qe7+ Kg7 45. Qg5+ 1/2-1/2

[Event "GER-chT U18 Girls"]
[Site "Karlsruhe"]
[Date "2015.05.08"]
[Round "3.2"]
[White "Nemitz, Rebekka"]
[Black "Bachmann, Paula"]
[Result "1-0"]
[WhiteElo "825"]
[BlackElo "800"]
[PlyCount "37"]
[EventDate "2015.05.07"]
[EventType "team-swiss"]
[EventRounds "7"]
[EventCountry "GER"]
[SourceTitle "EXT 2017"]
[Source "ChessBase"]
[SourceDate "2016.10.25"]
[SourceVersion "1"]
[SourceVersionDate "2016.10.25"]
[SourceQuality "1"]
[WhiteTeam "Hennigsdorf OS (W)"]
[BlackTeam "Bremen Am Barkhof (W)"]
[WhiteTeamCountry "GER"]
[BlackTeamCountry "GER"]

1. e4 e5 2. Bc4 Nf6 3. Nf3 c6 4. Ng5 d5 5. exd5 cxd5 6. Bb5+ Bd7 7. Nc3 h6 8. Nf3 a6 9. Nxe5 Bxb5 10. Nxb5 axb5 11. 0-0 Bd6 12. Re1 g5 13. b3 b4 14. Bb2 Ne4 15. Ng4 0-0 16. Nxh6+ Kh7 17. Nf5 Bc5 18. Qh5+ Kg8 19. Qh8# 1-0